[Event "April 9 Early 2024"]
[Site "Chess.com"]
[Date "2024.04.09"]
[Round "4"]
[White "Bilan, Danila"]
[Black "Monpeurt, Cyrielle"]
[Result "1-0"]
[Board "150"]
[WhiteFideId "24161918"]
[BlackFideId "677400"]
[WhiteTitle "FM"]
[BlackTitle "WFM"]
[WhiteElo "2574"]
[BlackElo "2182"]
[WhiteTeam "RUS"]
[BlackTeam "FRA"]
[WhiteClock "0:00:06"]
[BlackClock "0:00:05"]
[Variant "Standard"]

1. d4 {[%clk 0:03:00]}  f5 {[%clk 0:02:59]} 2. Nf3 {[%clk 0:03:00]}  Nf6 {[%clk 0:03:00]} 3. g3 {[%clk 0:02:58]}  g6 {[%clk 0:03:00]} 4. Bg2 {[%clk 0:02:58]}  Bg7 {[%clk 0:03:01]} 5. O-O {[%clk 0:02:59]}  O-O {[%clk 0:03:01]} 6. c4 {[%clk 0:02:58]}  d6 {[%clk 0:03:01]} 7. Nc3 {[%clk 0:02:58]}  c6 {[%clk 0:03:01]} 8. Qc2 {[%clk 0:02:58]}  Qe8 {[%clk 0:03:01]} 9. d5 {[%clk 0:02:58]}  e5 {[%clk 0:03:00]} 10. dxe6 {[%clk 0:02:58]}  Bxe6 {[%clk 0:03:01]} 11. b3 {[%clk 0:02:58]}  Na6 {[%clk 0:02:48]} 12. Bb2 {[%clk 0:02:42]}  Rd8 {[%clk 0:02:46]} 13. Nd4 {[%clk 0:02:30]}  Bf7 {[%clk 0:02:43]} 14. e4 {[%clk 0:02:27]}  fxe4 {[%clk 0:02:35]} 15. Nxe4 {[%clk 0:02:27]}  Nxe4 {[%clk 0:02:31]} 16. Bxe4 {[%clk 0:02:28]}  Nc5 {[%clk 0:02:28]} 17. Bg2 {[%clk 0:02:17]}  Qd7 {[%clk 0:02:22]} 18. Rad1 {[%clk 0:02:00]}  Ne6 {[%clk 0:02:10]} 19. Nf3 {[%clk 0:01:50]}  Bxb2 {[%clk 0:02:00]} 20. Qxb2 {[%clk 0:01:51]}  Nc5 {[%clk 0:01:53]} 21. Ne5 {[%clk 0:01:25]}  Qf5 {[%clk 0:01:45]} 22. Nxf7 {[%clk 0:01:09]}  Rxf7 {[%clk 0:01:45]} 23. Rd4 {[%clk 0:01:09]}  Qe5 {[%clk 0:01:17]} 24. Rfd1 {[%clk 0:00:57]}  Ne6 {[%clk 0:01:08]} 25. R4d2 {[%clk 0:00:53]}  Qxb2 {[%clk 0:00:59]} 26. Rxb2 {[%clk 0:00:54]}  Ng5 {[%clk 0:00:59]} 27. f4 {[%clk 0:00:51]}  Ne6 {[%clk 0:00:56]} 28. Rbd2 {[%clk 0:00:51]}  Rfd7 {[%clk 0:00:55]} 29. b4 {[%clk 0:00:47]}  Ng7 {[%clk 0:00:54]} 30. b5 {[%clk 0:00:44]}  Nf5 {[%clk 0:00:48]} 31. bxc6 {[%clk 0:00:43]}  bxc6 {[%clk 0:00:49]} 32. Bxc6 {[%clk 0:00:44]}  Re7 {[%clk 0:00:42]} 33. c5 {[%clk 0:00:38]}  Ne3 {[%clk 0:00:29]} 34. cxd6 {[%clk 0:00:33]}  Rg7 {[%clk 0:00:17]} 35. Re1 {[%clk 0:00:21]}  Nf5 {[%clk 0:00:17]} 36. d7 {[%clk 0:00:19]}  Re7 {[%clk 0:00:15]} 37. Rde2 {[%clk 0:00:12]}  Kf8 {[%clk 0:00:13]} 38. Ba4 {[%clk 0:00:10]}  Rb8 {[%clk 0:00:11]} 39. Kg2 {[%clk 0:00:07]}  a5 {[%clk 0:00:09]} 40. g4 {[%clk 0:00:05]}  Rxe2+ {[%clk 0:00:07]} 41. Rxe2 {[%clk 0:00:06]}  Nd4 {[%clk 0:00:05]} 42. Re8+ {[%clk 0:00:06]} 1-0

[Event "April 9 Early 2024"]
[Site "Chess.com"]
[Date "2024.04.09"]
[Round "4"]
[White "Krivenko, Dion"]
[Black "Mekhitarian, Krikor Sevag"]
[Result "0-1"]
[Board "153"]
[WhiteFideId "4508378"]
[BlackFideId "2107660"]
[WhiteTitle "CM"]
[BlackTitle "GM"]
[WhiteElo "2451"]
[BlackElo "2850"]
[WhiteTeam "EST"]
[BlackTeam "BRA"]
[WhiteClock "0:00:02"]
[BlackClock "0:00:12"]
[Variant "Standard"]

1. e4 {[%clk 0:02:51]}  c5 {[%clk 0:02:59]} 2. Nf3 {[%clk 0:02:51]}  Nc6 {[%clk 0:02:59]} 3. Bb5 {[%clk 0:02:50]}  Nf6 {[%clk 0:02:59]} 4. Bxc6 {[%clk 0:02:42]}  dxc6 {[%clk 0:02:59]} 5. d3 {[%clk 0:02:42]}  Bg4 {[%clk 0:03:00]} 6. h3 {[%clk 0:02:41]}  Bh5 {[%clk 0:03:00]} 7. g4 {[%clk 0:02:41]}  Bg6 {[%clk 0:03:00]} 8. Nc3 {[%clk 0:02:23]}  Nd7 {[%clk 0:02:59]} 9. Bf4 {[%clk 0:02:19]}  h5 {[%clk 0:02:47]} 10. g5 {[%clk 0:02:16]}  h4 {[%clk 0:02:48]} 11. Qd2 {[%clk 0:02:08]}  Bh5 {[%clk 0:02:37]} 12. Ne5 {[%clk 0:02:01]}  Nxe5 {[%clk 0:02:33]} 13. Bxe5 {[%clk 0:02:02]}  f6 {[%clk 0:02:33]} 14. Bf4 {[%clk 0:01:53]}  e5 {[%clk 0:02:32]} 15. Be3 {[%clk 0:01:53]}  Qd7 {[%clk 0:02:27]} 16. Ne2 {[%clk 0:01:50]}  O-O-O {[%clk 0:02:24]} 17. O-O-O {[%clk 0:01:49]}  b6 {[%clk 0:02:24]} 18. Rde1 {[%clk 0:01:43]}  Kb7 {[%clk 0:02:22]} 19. f4 {[%clk 0:01:36]}  Bd6 {[%clk 0:02:11]} 20. f5 {[%clk 0:01:34]}  Bf7 {[%clk 0:02:07]} 21. b3 {[%clk 0:01:27]}  Bh5 {[%clk 0:01:57]} 22. Ng1 {[%clk 0:01:27]}  g6 {[%clk 0:01:52]} 23. fxg6 {[%clk 0:01:13]}  f5 {[%clk 0:01:53]} 24. Qg2 {[%clk 0:01:03]}  f4 {[%clk 0:01:46]} 25. Bd2 {[%clk 0:01:00]}  Bxg6 {[%clk 0:01:34]} 26. Nf3 {[%clk 0:00:55]}  Qe6 {[%clk 0:01:32]} 27. Bc3 {[%clk 0:00:53]}  Rde8 {[%clk 0:01:28]} 28. Ref1 {[%clk 0:00:51]}  Rh7 {[%clk 0:00:48]} 29. Be1 {[%clk 0:00:47]}  Reh8 {[%clk 0:00:45]} 30. Bc3 {[%clk 0:00:48]}  Qe8 {[%clk 0:00:40]} 31. Rh2 {[%clk 0:00:43]}  a5 {[%clk 0:00:40]} 32. a4 {[%clk 0:00:43]}  Ka6 {[%clk 0:00:40]} 33. Qe2 {[%clk 0:00:41]}  Kb7 {[%clk 0:00:40]} 34. Qg2 {[%clk 0:00:41]}  Rg8 {[%clk 0:00:31]} 35. Nd2 {[%clk 0:00:36]}  Ka6 {[%clk 0:00:27]} 36. Nc4 {[%clk 0:00:34]}  Bc7 {[%clk 0:00:27]} 37. Qf2 {[%clk 0:00:28]}  Qe7 {[%clk 0:00:23]} 38. Rg1 {[%clk 0:00:25]}  Bf7 {[%clk 0:00:24]} 39. Rhg2 {[%clk 0:00:25]}  Rg6 {[%clk 0:00:23]} 40. Nd2 {[%clk 0:00:23]}  Be6 {[%clk 0:00:22]} 41. Rh2 {[%clk 0:00:20]}  Rxg5 {[%clk 0:00:20]} 42. Nf3 {[%clk 0:00:17]}  Rg3 {[%clk 0:00:19]} 43. Qe2 {[%clk 0:00:08]}  Kb7 {[%clk 0:00:18]} 44. Qf2 {[%clk 0:00:08]}  Qg7 {[%clk 0:00:15]} 45. Rgh1 {[%clk 0:00:07]}  Qf6 {[%clk 0:00:15]} 46. Kb2 {[%clk 0:00:07]}  Rhg7 {[%clk 0:00:15]} 47. Be1 {[%clk 0:00:06]}  Bf7 {[%clk 0:00:15]} 48. Qe2 {[%clk 0:00:06]}  Bh5 {[%clk 0:00:15]} 49. Bxg3 {[%clk 0:00:05]}  fxg3 {[%clk 0:00:16]} 50. Rf1 {[%clk 0:00:02]}  gxh2 {[%clk 0:00:15]} 51. Qxh2 {[%clk 0:00:03]}  Bxf3 {[%clk 0:00:15]} 52. Qd2 {[%clk 0:00:04]}  Rf7 {[%clk 0:00:13]} 53. b4 {[%clk 0:00:03]}  cxb4 {[%clk 0:00:12]} 54. d4 {[%clk 0:00:04]}  exd4 {[%clk 0:00:13]} 55. e5 {[%clk 0:00:04]}  Qxe5 {[%clk 0:00:13]} 56. Ka2 {[%clk 0:00:05]}  Bd5+ {[%clk 0:00:12]} 57. c4 {[%clk 0:00:04]}  Bxc4+ {[%clk 0:00:12]} 58. Kb2 {[%clk 0:00:02]}  d3+ {[%clk 0:00:12]} 0-1

[Event "April 9 Early 2024"]
[Site "Chess.com"]
[Date "2024.04.09"]
[Round "4"]
[White "Zheenbekov, Nurgazy"]
[Black "Dmitry Obolenskikh"]
[Result "1-0"]
[Board "156"]
[WhiteFideId "13800485"]
[BlackFideId "4156013"]
[BlackTitle "IM"]
[WhiteElo "2445"]
[BlackElo "2775"]
[WhiteTeam "KGZ"]
[BlackTeam "RUS"]
[WhiteClock "0:00:10"]
[BlackClock "0:00:41"]
[Variant "Standard"]

1. e4 {[%clk 0:02:54]}  c6 {[%clk 0:02:59]} 2. d4 {[%clk 0:02:49]}  d5 {[%clk 0:03:00]} 3. exd5 {[%clk 0:02:49]}  cxd5 {[%clk 0:03:01]} 4. Bd3 {[%clk 0:02:49]}  Nc6 {[%clk 0:03:00]} 5. c3 {[%clk 0:02:49]}  Nf6 {[%clk 0:03:01]} 6. h3 {[%clk 0:02:49]}  g6 {[%clk 0:03:00]} 7. Nf3 {[%clk 0:02:48]}  Bf5 {[%clk 0:03:00]} 8. Be2 {[%clk 0:02:48]}  e6 {[%clk 0:02:52]} 9. O-O {[%clk 0:02:48]}  h5 {[%clk 0:02:49]} 10. Bg5 {[%clk 0:02:37]}  Be7 {[%clk 0:02:48]} 11. Nbd2 {[%clk 0:02:24]}  Ne4 {[%clk 0:02:47]} 12. Bxe7 {[%clk 0:02:19]}  Qxe7 {[%clk 0:02:48]} 13. Nxe4 {[%clk 0:02:11]}  Bxe4 {[%clk 0:02:48]} 14. Nd2 {[%clk 0:02:05]}  Bf5 {[%clk 0:02:48]} 15. Re1 {[%clk 0:02:04]}  Qg5 {[%clk 0:02:32]} 16. Kh1 {[%clk 0:02:02]}  Qf4 {[%clk 0:02:30]} 17. Nf3 {[%clk 0:01:52]}  Be4 {[%clk 0:02:27]} 18. Qd2 {[%clk 0:01:41]}  Qf5 {[%clk 0:02:26]} 19. Ng5 {[%clk 0:01:19]}  Qxf2 {[%clk 0:02:17]} 20. Nxe4 {[%clk 0:01:19]}  dxe4 {[%clk 0:02:18]} 21. Rf1 {[%clk 0:01:18]}  Qg3 {[%clk 0:02:15]} 22. Bb5 {[%clk 0:01:08]}  O-O {[%clk 0:02:06]} 23. Rae1 {[%clk 0:01:00]}  f5 {[%clk 0:02:01]} 24. Qh6 {[%clk 0:00:50]}  Ne7 {[%clk 0:01:53]} 25. Bc4 {[%clk 0:00:49]}  Rf6 {[%clk 0:01:36]} 26. Rxe4 {[%clk 0:00:44]}  Qd6 {[%clk 0:01:27]} 27. Re5 {[%clk 0:00:32]}  Raf8 {[%clk 0:01:17]} 28. Rfe1 {[%clk 0:00:31]}  Nd5 {[%clk 0:01:17]} 29. Bxd5 {[%clk 0:00:19]}  exd5 {[%clk 0:01:16]} 30. Re7 {[%clk 0:00:19]}  R8f7 {[%clk 0:00:49]} 31. Re8+ {[%clk 0:00:19]}  Rf8 {[%clk 0:00:49]} 32. R8e7 {[%clk 0:00:19]}  R8f7 {[%clk 0:00:50]} 33. Rxf7 {[%clk 0:00:18]}  Kxf7 {[%clk 0:00:49]} 34. Qh7+ {[%clk 0:00:16]}  Kf8 {[%clk 0:00:49]} 35. Qh8+ {[%clk 0:00:16]}  Kf7 {[%clk 0:00:49]} 36. Qe8+ {[%clk 0:00:14]}  Kg7 {[%clk 0:00:50]} 37. Re7+ {[%clk 0:00:14]}  Kh6 {[%clk 0:00:41]} 38. h4 {[%clk 0:00:10]} 1-0

[Event "April 9 Early 2024"]
[Site "Chess.com"]
[Date "2024.04.09"]
[Round "4"]
[White "Tigran Mukhutdinov"]
[Black "Leve, Nitai"]
[Result "1-0"]
[Board "162"]
[WhiteFideId "34108570"]
[BlackFideId "2006898"]
[WhiteTitle "FM"]
[WhiteElo "2693"]
[BlackElo "2435"]
[WhiteTeam "RUS"]
[BlackTeam "USA"]
[WhiteClock "0:01:32"]
[BlackClock "0:00:00"]
[Variant "Standard"]

1. b3 {[%clk 0:03:00]}  c5 {[%clk 0:02:57]} 2. Bb2 {[%clk 0:03:00]}  Nc6 {[%clk 0:02:57]} 3. Nf3 {[%clk 0:03:00]}  d5 {[%clk 0:02:56]} 4. g3 {[%clk 0:03:00]}  Nf6 {[%clk 0:02:55]} 5. Bg2 {[%clk 0:03:01]}  d4 {[%clk 0:02:53]} 6. O-O {[%clk 0:03:00]}  e5 {[%clk 0:02:53]} 7. d3 {[%clk 0:02:59]}  Be6 {[%clk 0:02:48]} 8. c3 {[%clk 0:02:59]}  Qd7 {[%clk 0:02:46]} 9. cxd4 {[%clk 0:02:59]}  cxd4 {[%clk 0:02:46]} 10. Nbd2 {[%clk 0:02:57]}  h6 {[%clk 0:02:44]} 11. Nc4 {[%clk 0:02:57]}  Bd6 {[%clk 0:02:42]} 12. Nxd6+ {[%clk 0:02:57]}  Qxd6 {[%clk 0:02:43]} 13. Rc1 {[%clk 0:02:56]}  O-O {[%clk 0:02:42]} 14. Nd2 {[%clk 0:02:56]}  Rac8 {[%clk 0:02:41]} 15. Nc4 {[%clk 0:02:56]}  Bxc4 {[%clk 0:02:41]} 16. bxc4 {[%clk 0:02:55]}  Rfe8 {[%clk 0:02:10]} 17. Qb3 {[%clk 0:02:53]}  b6 {[%clk 0:02:04]} 18. Ba3 {[%clk 0:02:53]}  Qd7 {[%clk 0:02:01]} 19. Rfd1 {[%clk 0:02:53]}  Nd8 {[%clk 0:01:53]} 20. Qb5 {[%clk 0:02:47]}  Qf5 {[%clk 0:01:40]} 21. h3 {[%clk 0:02:42]}  Ne6 {[%clk 0:01:39]} 22. Qb2 {[%clk 0:02:20]}  Ng5 {[%clk 0:01:34]} 23. g4 {[%clk 0:02:20]}  Nxg4 {[%clk 0:01:11]} 24. hxg4 {[%clk 0:02:20]}  Qxg4 {[%clk 0:01:12]} 25. Kf1 {[%clk 0:01:57]}  Re6 {[%clk 0:01:02]} 26. f3 {[%clk 0:01:55]}  Rf6 {[%clk 0:00:54]} 27. Be7 {[%clk 0:01:51]}  Rf5 {[%clk 0:00:48]} 28. Bxg5 {[%clk 0:01:50]}  hxg5 {[%clk 0:00:39]} 29. Qd2 {[%clk 0:01:46]}  Rc6 {[%clk 0:00:26]} 30. Kg1 {[%clk 0:01:46]}  Qh5 {[%clk 0:00:23]} 31. Qe1 {[%clk 0:01:45]}  Rh6 {[%clk 0:00:22]} 32. Qg3 {[%clk 0:01:45]}  Rf4 {[%clk 0:00:17]} 33. Kf2 {[%clk 0:01:45]}  g4 {[%clk 0:00:16]} 34. Rh1 {[%clk 0:01:45]}  Qg5 {[%clk 0:00:14]} 35. Rxh6 {[%clk 0:01:46]}  Qxh6 {[%clk 0:00:14]} 36. Rh1 {[%clk 0:01:45]}  Qf6 {[%clk 0:00:12]} 37. Qh4 {[%clk 0:01:43]}  g3+ {[%clk 0:00:07]} 38. Qxg3 {[%clk 0:01:43]}  Kf8 {[%clk 0:00:06]} 39. Rh8+ {[%clk 0:01:39]}  Ke7 {[%clk 0:00:06]} 40. Rh5 {[%clk 0:01:40]}  g6 {[%clk 0:00:05]} 41. Rh7 {[%clk 0:01:38]}  Qd6 {[%clk 0:00:05]} 42. Qg5+ {[%clk 0:01:36]}  Rf6 {[%clk 0:00:04]} 43. Rh8 {[%clk 0:01:35]}  Qa3 {[%clk 0:00:03]} 44. Qxe5+ {[%clk 0:01:33]}  Re6 {[%clk 0:00:03]} 45. Qc7+ {[%clk 0:01:34]}  Kf6 {[%clk 0:00:04]} 46. Qd8+ {[%clk 0:01:34]}  Kg7 {[%clk 0:00:03]} 47. Rg8+ {[%clk 0:01:33]}  Kh7 {[%clk 0:00:03]} 48. Rh8+ {[%clk 0:01:34]}  Kg7 {[%clk 0:00:03]} 49. Qxd4+ {[%clk 0:01:34]}  f6 {[%clk 0:00:02]} 50. Rd8 {[%clk 0:01:32]}  Re7 {[%clk 0:00:00]} 51. Rd7 {[%clk 0:01:32]} 1-0

[Event "April 9 Early 2024"]
[Site "Chess.com"]
[Date "2024.04.09"]
[Round "4"]
[White "Kuziev, Miraziz"]
[Black "Szczepanek, Radoslaw"]
[Result "1-0"]
[Board "163"]
[WhiteFideId "14215772"]
[BlackFideId "1120395"]
[WhiteTitle "CM"]
[BlackTitle "CM"]
[WhiteElo "2690"]
[BlackElo "2430"]
[WhiteTeam "UZB"]
[BlackTeam "POL"]
[WhiteClock "0:01:23"]
[BlackClock "0:00:00"]
[Variant "Standard"]

1. d4 {[%clk 0:03:00]}  Nf6 {[%clk 0:02:57]} 2. c4 {[%clk 0:02:58]}  e6 {[%clk 0:02:58]} 3. Nc3 {[%clk 0:02:57]}  Bb4 {[%clk 0:02:57]} 4. e3 {[%clk 0:02:57]}  O-O {[%clk 0:02:57]} 5. Bd2 {[%clk 0:02:57]}  c5 {[%clk 0:02:54]} 6. a3 {[%clk 0:02:53]}  Bxc3 {[%clk 0:02:48]} 7. Bxc3 {[%clk 0:02:53]}  cxd4 {[%clk 0:02:48]} 8. Qxd4 {[%clk 0:02:41]}  Nc6 {[%clk 0:02:47]} 9. Qd1 {[%clk 0:02:39]}  d5 {[%clk 0:02:47]} 10. Nf3 {[%clk 0:02:37]}  Ne4 {[%clk 0:02:40]} 11. Rc1 {[%clk 0:02:33]}  Nxc3 {[%clk 0:02:05]} 12. Rxc3 {[%clk 0:02:32]}  Qb6 {[%clk 0:02:04]} 13. b4 {[%clk 0:02:20]}  dxc4 {[%clk 0:01:47]} 14. Bxc4 {[%clk 0:02:19]}  Rd8 {[%clk 0:01:40]} 15. Qc2 {[%clk 0:02:18]}  e5 {[%clk 0:01:32]} 16. Ng5 {[%clk 0:02:17]}  g6 {[%clk 0:00:57]} 17. Nxf7 {[%clk 0:02:16]}  Rf8 {[%clk 0:00:33]} 18. Nxe5+ {[%clk 0:01:39]}  Kg7 {[%clk 0:00:31]} 19. Nxc6 {[%clk 0:01:36]}  bxc6 {[%clk 0:00:31]} 20. O-O {[%clk 0:01:35]}  Bf5 {[%clk 0:00:29]} 21. e4 {[%clk 0:01:32]}  Bd7 {[%clk 0:00:17]} 22. e5 {[%clk 0:01:32]}  Rae8 {[%clk 0:00:15]} 23. Re3 {[%clk 0:01:31]}  Bf5 {[%clk 0:00:12]} 24. Qc3 {[%clk 0:01:31]}  Be6 {[%clk 0:00:11]} 25. Rd1 {[%clk 0:01:25]}  c5 {[%clk 0:00:06]} 26. Rd6 {[%clk 0:01:24]}  cxb4 {[%clk 0:00:03]} 27. Rxb6 {[%clk 0:01:23]}  bxc3 {[%clk 0:00:03]} 28. Rxe6 {[%clk 0:01:22]}  Rxe6 {[%clk 0:00:00]} 29. Bxe6 {[%clk 0:01:23]} 1-0

[Event "April 9 Early 2024"]
[Site "Chess.com"]
[Date "2024.04.09"]
[Round "4"]
[White "Caspi, Israel"]
[Black "Herman, Daniel"]
[Result "1-0"]
[Board "164"]
[WhiteFideId "2807394"]
[BlackFideId "30935008"]
[WhiteTitle "GM"]
[WhiteElo "2677"]
[BlackElo "2428"]
[WhiteTeam "ISR"]
[BlackTeam "USA"]
[WhiteClock "0:00:55"]
[BlackClock "0:00:05"]
[Variant "Standard"]

1. e4 {[%clk 0:03:00]}  e6 {[%clk 0:02:59]} 2. d4 {[%clk 0:02:55]}  d5 {[%clk 0:03:00]} 3. e5 {[%clk 0:02:56]}  c5 {[%clk 0:03:00]} 4. c3 {[%clk 0:02:55]}  Nc6 {[%clk 0:03:00]} 5. Nf3 {[%clk 0:02:55]}  Bd7 {[%clk 0:02:59]} 6. Bd3 {[%clk 0:02:53]}  Qb6 {[%clk 0:02:58]} 7. O-O {[%clk 0:02:52]}  cxd4 {[%clk 0:02:57]} 8. Re1 {[%clk 0:02:53]}  Nh6 {[%clk 0:02:45]} 9. a3 {[%clk 0:02:44]}  a5 {[%clk 0:02:37]} 10. Qe2 {[%clk 0:02:38]}  Bc5 {[%clk 0:02:11]} 11. h3 {[%clk 0:02:30]}  Nf5 {[%clk 0:02:01]} 12. g4 {[%clk 0:02:08]}  Nfe7 {[%clk 0:01:38]} 13. Bf4 {[%clk 0:02:08]}  h5 {[%clk 0:01:31]} 14. Kg2 {[%clk 0:02:06]}  hxg4 {[%clk 0:01:26]} 15. hxg4 {[%clk 0:02:07]}  a4 {[%clk 0:01:15]} 16. Bg3 {[%clk 0:02:05]}  dxc3 {[%clk 0:01:08]} 17. Nxc3 {[%clk 0:02:05]}  Na5 {[%clk 0:01:04]} 18. Rac1 {[%clk 0:01:56]}  Nb3 {[%clk 0:01:04]} 19. Rc2 {[%clk 0:01:56]}  Nc6 {[%clk 0:00:57]} 20. Nb5 {[%clk 0:01:55]}  O-O-O {[%clk 0:00:45]} 21. Nd6+ {[%clk 0:01:50]}  Bxd6 {[%clk 0:00:43]} 22. exd6 {[%clk 0:01:51]}  Kb8 {[%clk 0:00:38]} 23. Rc3 {[%clk 0:01:43]}  Nca5 {[%clk 0:00:23]} 24. Ne5 {[%clk 0:01:38]}  d4 {[%clk 0:00:19]} 25. Rc7 {[%clk 0:01:35]}  Bc6+ {[%clk 0:00:16]} 26. Nxc6+ {[%clk 0:01:34]}  Nxc6 {[%clk 0:00:17]} 27. Rxf7 {[%clk 0:01:34]}  Ka8 {[%clk 0:00:15]} 28. Qxe6 {[%clk 0:01:32]}  Qc5 {[%clk 0:00:14]} 29. Rf5 {[%clk 0:01:29]}  Qb6 {[%clk 0:00:13]} 30. Qc4 {[%clk 0:01:29]}  Qa7 {[%clk 0:00:05]} 31. Be4 {[%clk 0:01:19]}  d3 {[%clk 0:00:04]} 32. Bxc6 {[%clk 0:01:15]}  bxc6 {[%clk 0:00:04]} 33. Qxc6+ {[%clk 0:01:16]}  Qb7 {[%clk 0:00:05]} 34. Qxb7+ {[%clk 0:01:14]}  Kxb7 {[%clk 0:00:06]} 35. Rd5 {[%clk 0:01:15]}  d2 {[%clk 0:00:06]} 36. Re4 {[%clk 0:01:11]}  Kc6 {[%clk 0:00:05]} 37. Rd3 {[%clk 0:01:08]}  Nc5 {[%clk 0:00:05]} 38. Rc4 {[%clk 0:01:08]}  Kb5 {[%clk 0:00:03]} 39. Rb4+ {[%clk 0:01:08]}  Kc6 {[%clk 0:00:03]} 40. Rxd2 {[%clk 0:01:08]}  Rb8 {[%clk 0:00:01]} 41. Rxb8 {[%clk 0:01:08]}  Rxb8 {[%clk 0:00:02]} 42. d7 {[%clk 0:01:06]}  Rd8 {[%clk 0:00:02]} 43. Rd6+ {[%clk 0:01:06]}  Kb5 {[%clk 0:00:03]} 44. Be5 {[%clk 0:00:58]}  Rxd7 {[%clk 0:00:03]} 45. Rxd7 {[%clk 0:00:58]}  Nxd7 {[%clk 0:00:04]} 46. Bxg7 {[%clk 0:00:55]}  Nc5 {[%clk 0:00:05]} 1-0

[Event "April 9 Early 2024"]
[Site "Chess.com"]
[Date "2024.04.10"]
[Round "4"]
[White "Reyes Zavaleta, Fabian Ricardo"]
[Black "Azizoglu, Ferzan"]
[Result "1-0"]
[Board "165"]
[WhiteFideId "3844153"]
[BlackFideId "6302726"]
[WhiteTitle "FM"]
[WhiteElo "2668"]
[BlackElo "2424"]
[WhiteTeam "PER"]
[BlackTeam "TUR"]
[WhiteClock "0:00:58"]
[BlackClock "0:00:40"]
[Variant "Standard"]

1. d4 {[%clk 0:03:00]}  d5 {[%clk 0:02:59]} 2. c4 {[%clk 0:02:59]}  c6 {[%clk 0:02:59]} 3. cxd5 {[%clk 0:02:59]}  cxd5 {[%clk 0:02:58]} 4. Bf4 {[%clk 0:02:59]}  Nc6 {[%clk 0:02:58]} 5. Nc3 {[%clk 0:02:59]}  a6 {[%clk 0:02:59]} 6. e3 {[%clk 0:02:59]}  Nf6 {[%clk 0:02:59]} 7. Nf3 {[%clk 0:02:58]}  e6 {[%clk 0:02:59]} 8. Be2 {[%clk 0:02:56]}  Bd6 {[%clk 0:02:59]} 9. Bxd6 {[%clk 0:02:56]}  Qxd6 {[%clk 0:02:59]} 10. O-O {[%clk 0:02:56]}  O-O {[%clk 0:02:59]} 11. Na4 {[%clk 0:02:56]}  b5 {[%clk 0:02:49]} 12. Nc5 {[%clk 0:02:56]}  Nd7 {[%clk 0:02:48]} 13. Rc1 {[%clk 0:02:54]}  Nxc5 {[%clk 0:02:48]} 14. Rxc5 {[%clk 0:02:51]}  Bb7 {[%clk 0:02:47]} 15. Qd2 {[%clk 0:02:50]}  Rfc8 {[%clk 0:02:45]} 16. Rfc1 {[%clk 0:02:50]}  Ne7 {[%clk 0:02:38]} 17. b4 {[%clk 0:02:48]}  g6 {[%clk 0:02:36]} 18. Ne5 {[%clk 0:02:44]}  Rxc5 {[%clk 0:02:35]} 19. bxc5 {[%clk 0:02:42]}  Qc7 {[%clk 0:02:34]} 20. a4 {[%clk 0:02:42]}  Bc6 {[%clk 0:02:32]} 21. axb5 {[%clk 0:02:38]}  axb5 {[%clk 0:02:31]} 22. Rb1 {[%clk 0:02:38]}  Rb8 {[%clk 0:02:30]} 23. h3 {[%clk 0:02:29]}  Be8 {[%clk 0:02:27]} 24. Nd3 {[%clk 0:02:24]}  Nc6 {[%clk 0:02:19]} 25. Qa2 {[%clk 0:02:19]}  Na5 {[%clk 0:02:12]} 26. Nb4 {[%clk 0:02:10]}  Qd8 {[%clk 0:01:58]} 27. Ra1 {[%clk 0:02:04]}  Nc4 {[%clk 0:01:56]} 28. Qa7 {[%clk 0:02:00]}  Rc8 {[%clk 0:01:42]} 29. Qa6 {[%clk 0:01:56]}  Rb8 {[%clk 0:01:36]} 30. Qa7 {[%clk 0:01:36]}  Rc8 {[%clk 0:01:32]} 31. Qb7 {[%clk 0:01:19]}  Rb8 {[%clk 0:01:25]} 32. Qa6 {[%clk 0:01:15]}  Rc8 {[%clk 0:01:25]} 33. e4 {[%clk 0:01:08]}  dxe4 {[%clk 0:00:53]} 34. Bxc4 {[%clk 0:01:08]}  Qxd4 {[%clk 0:00:48]} 35. Qxc8 {[%clk 0:01:00]}  Qxa1+ {[%clk 0:00:40]} 36. Bf1 {[%clk 0:00:58]} 1-0

[Event "April 9 Early 2024"]
[Site "Chess.com"]
[Date "2024.04.09"]
[Round "4"]
[White "Postnikov, Artem"]
[Black "Adireddy Arjun"]
[Result "0-1"]
[Board "167"]
[WhiteFideId "34153575"]
[BlackFideId "25647709"]
[WhiteTitle "FM"]
[BlackTitle "FM"]
[WhiteElo "2417"]
[BlackElo "2665"]
[WhiteTeam "RUS"]
[BlackTeam "IND"]
[WhiteClock "0:00:07"]
[BlackClock "0:00:05"]
[Variant "Standard"]

1. e4 {[%clk 0:03:00]}  c5 {[%clk 0:03:00]} 2. Nf3 {[%clk 0:03:00]}  e6 {[%clk 0:03:00]} 3. d4 {[%clk 0:03:00]}  cxd4 {[%clk 0:03:01]} 4. Nxd4 {[%clk 0:03:00]}  Nc6 {[%clk 0:03:02]} 5. Nc3 {[%clk 0:03:00]}  Qc7 {[%clk 0:03:03]} 6. Be3 {[%clk 0:03:00]}  Nf6 {[%clk 0:03:04]} 7. Qd2 {[%clk 0:03:00]}  Nxd4 {[%clk 0:03:01]} 8. Bxd4 {[%clk 0:03:00]}  e5 {[%clk 0:03:01]} 9. Be3 {[%clk 0:02:59]}  Bb4 {[%clk 0:03:00]} 10. f3 {[%clk 0:02:58]}  d6 {[%clk 0:02:59]} 11. a3 {[%clk 0:02:57]}  Bxc3 {[%clk 0:02:58]} 12. bxc3 {[%clk 0:02:48]}  Be6 {[%clk 0:02:57]} 13. Bb5+ {[%clk 0:02:41]}  Bd7 {[%clk 0:02:52]} 14. Bxd7+ {[%clk 0:02:16]}  Qxd7 {[%clk 0:02:53]} 15. O-O {[%clk 0:02:11]}  d5 {[%clk 0:02:38]} 16. Bg5 {[%clk 0:02:08]}  dxe4 {[%clk 0:02:29]} 17. Qe3 {[%clk 0:02:01]}  Nd5 {[%clk 0:02:13]} 18. Qxe4 {[%clk 0:02:01]}  f6 {[%clk 0:02:13]} 19. Rad1 {[%clk 0:01:55]}  Nxc3 {[%clk 0:02:11]} 20. Rxd7 {[%clk 0:01:23]}  Nxe4 {[%clk 0:02:08]} 21. Rxg7 {[%clk 0:01:22]}  Nxg5 {[%clk 0:02:07]} 22. Rd1 {[%clk 0:01:20]}  Rd8 {[%clk 0:01:57]} 23. Rxd8+ {[%clk 0:01:19]}  Kxd8 {[%clk 0:01:58]} 24. Rxb7 {[%clk 0:01:19]}  Re8 {[%clk 0:01:49]} 25. h4 {[%clk 0:01:10]}  Ne6 {[%clk 0:01:48]} 26. Rxh7 {[%clk 0:01:07]}  Re7 {[%clk 0:01:47]} 27. Rh8+ {[%clk 0:01:07]}  Kd7 {[%clk 0:01:48]} 28. Ra8 {[%clk 0:01:06]}  Kd6 {[%clk 0:01:46]} 29. g4 {[%clk 0:00:58]}  Nd4 {[%clk 0:01:44]} 30. Kf2 {[%clk 0:00:57]}  Nxc2 {[%clk 0:01:38]} 31. a4 {[%clk 0:00:57]}  Nb4 {[%clk 0:01:32]} 32. h5 {[%clk 0:00:56]}  Nd3+ {[%clk 0:01:30]} 33. Kg3 {[%clk 0:00:55]}  Nf4 {[%clk 0:01:27]} 34. Rf8 {[%clk 0:00:49]}  Ke6 {[%clk 0:01:26]} 35. Ra8 {[%clk 0:00:46]}  Rh7 {[%clk 0:01:19]} 36. Re8+ {[%clk 0:00:44]}  Kd5 {[%clk 0:01:09]} 37. Rf8 {[%clk 0:00:41]}  Kd4 {[%clk 0:00:08]} 38. Rxf6 {[%clk 0:00:39]}  Rxh5 {[%clk 0:00:09]} 39. Rd6+ {[%clk 0:00:19]}  Kc5 {[%clk 0:00:09]} 40. Rd7 {[%clk 0:00:17]}  Rh3+ {[%clk 0:00:09]} 41. Kf2 {[%clk 0:00:18]}  Rh2+ {[%clk 0:00:08]} 42. Kf1 {[%clk 0:00:19]}  Ne6 {[%clk 0:00:04]} 43. Rxa7 {[%clk 0:00:18]}  Kd4 {[%clk 0:00:05]} 44. Re7 {[%clk 0:00:17]}  Ng5 {[%clk 0:00:04]} 45. a5 {[%clk 0:00:15]}  Nxf3 {[%clk 0:00:05]} 46. Rb7 {[%clk 0:00:13]}  Ke3 {[%clk 0:00:04]} 47. Rb3+ {[%clk 0:00:13]}  Kf4 {[%clk 0:00:05]} 48. a6 {[%clk 0:00:13]}  Ra2 {[%clk 0:00:04]} 49. g5 {[%clk 0:00:11]}  Nd2+ {[%clk 0:00:03]} 50. Kg1 {[%clk 0:00:10]}  Nxb3 {[%clk 0:00:04]} 51. g6 {[%clk 0:00:07]}  Rxa6 {[%clk 0:00:05]} 0-1